Normal view
MARC view
Entry Personal Name
001 - CONTROL NUMBER
- control field: 12566
003 - CONTROL NUMBER IDENTIFIER
- control field: ARRUPE
005 - DATE AND TIME OF LATEST TRANSACTION
- control field: 20141112114214.0
008 - FIXED-LENGTH DATA ELEMENTS
- fixed length control field: 141112|| aca||aabn | a|a d
040 ## - CATALOGING SOURCE
- Original cataloging agency: ARRUPE
- Transcribing agency: ARRUPE
100 ## - HEADING--PERSONAL NAME
- Personal name: Lévinas, Emmanuel
- General subdivision: Philosophy.
670 ## - SOURCE DATA FOUND
- Source citation: Work cat.: (ARRUPE)0: Eaglestone, Robert, 1968- 12564, Ethical criticism :, c1997.